|
|
|
|
| LEADER |
00694cam a2200193 7i4500 |
| 001 |
0000000720 |
| 005 |
20081205090000.0 |
| 020 |
|
|
|a 967690354X (pbk.)
|
| 020 |
|
|
|a 9789676903549
|
| 050 |
0 |
0 |
|a BP144 MUH 2002
|
| 090 |
0 |
0 |
|a BP144
|b .M46 2002
|
| 100 |
0 |
|
|a Muhammad Firdaus Nurul Huda,
|c Dr
|
| 245 |
1 |
0 |
|a Kesan perubahan sosial terhadap hukum Islam
|c Dr. Muhammad Firdaus Nurul Huda.
|
| 260 |
|
|
|a Selangor:
|b Thinker's Library,
|c 2002.
|
| 300 |
|
|
|a xv, 349 p.;
|c 25 cm.
|
| 500 |
|
|
|a Subtitle on cover : satu kajian tentang metodologi syariah dan pelaksanaannya
|
| 650 |
0 |
0 |
|a Social change --
|x Religious aspects
|
| 650 |
0 |
0 |
|a Islamic law
|
| 999 |
|
|
|a 0000008698
|b BOK
|c OPEN SHELF
|e 1st Floor, Bestari Jaya
|